[Event "Rilton Cup"]
[Site "?"]
[Date "2002.01.04"]
[Round "8"]
[White "Aurell, Bo"]
[Black "Gullaksen, Eirik"]
[Result "0-1"]
[WhiteElo "2167"]
[BlackElo "2324"]
[PlyCount "59"]

1. e4 e5 2. Nf3 Nc6 3. Bb5 a6 4. Ba4 Nf6 5. O-O b5 6. Bb3 Bc5 7. c3 d6 8. d4
Bb6 9. a4 Rb8 10. axb5 axb5 11. Qd3 Bd7 12. Na3 O-O 13. Nxb5 exd4 14. Nbxd4 Qe7
15. Bc2 Ne5 16. Nxe5 Qxe5 17. Nf3 Qh5 18. b4 Bc6 19. Re1 Rfe8 20. Qc4 Bb5 21.
Qb3 Ng4 22. Be3 Nxe3 23. fxe3 Re7 24. Nd4 Bd7 25. Rf1 Rbe8 26. Rae1 Re5 27. c4
R5e7 28. Rf4 Qe5 29. Ref1 Bxd4 30. Rxf7 0-1

[Event "Rilton Cup"]
[Site "?"]
[Date "2002.01.04"]
[Round "8"]
[White "Gleizerov, Evgenij"]
[Black "Nyback, Tomi"]
[Result "1-0"]
[WhiteElo "2575"]
[BlackElo "2430"]
[PlyCount "69"]

1. d4 d6 2. Nf3 Bg4 3. c4 Nd7 4. e4 Bxf3 5. Qxf3 g6 6. Nc3 Bg7 7. Qd1 c5 8. d5
Bxc3+ 9. bxc3 Ngf6 10. Bd3 Ne5 11. O-O Qa5 12. Qc2 Nxd3 13. Qxd3 Nd7 14. Bf4
Qa4 15. Rfb1 O-O-O 16. Rb3 Nb6 17. Rab1 Rd7 18. f3 Qxc4 19. Qc2 Re8 20. Ra3
Nxd5 21. exd5 Qxf4 22. Rxa7 Kb8 23. Ra4 Qe3+ 24. Kh1 Rc7 25. Qb3 Qd3 26. h3 Kc8
27. Ra8+ Kd7 28. Qa4+ b5 29. Rxb5 Rxa8 30. Ra5+ Kd8 31. Rxa8+ Rc8 32. Qa5+ Kd7
33. Qa7+ Kd8 34. Qb6+ Kd7 35. Ra7+ 1-0

[Event "Rilton Cup"]
[Site "?"]
[Date "2002.01.04"]
[Round "8"]
[White "Marin, Michail"]
[Black "Eriksson, Johan"]
[Result "1/2-1/2"]
[WhiteElo "2561"]
[BlackElo "2415"]
[PlyCount "94"]

1. c4 g6 2. Nf3 Bg7 3. d4 Nf6 4. g3 O-O 5. Bg2 d6 6. O-O Nbd7 7. Nc3 e5 8. e4
c6 9. h3 Qb6 10. Re1 exd4 11. Nxd4 Ne8 12. Nf3 Ne5 13. Nxe5 dxe5 14. Qa4 Nc7
15. Be3 Qa6 16. Qb4 Ne6 17. c5 Nd4 18. Bxd4 exd4 19. Bf1 b5 20. Ne2 Rd8 21. Nf4
d3 22. e5 d2 23. Red1 Qa4 24. Qxa4 bxa4 25. Nd3 Bxh3 26. Rxd2 Bxf1 27. Kxf1
Bxe5 28. Rad1 Bf6 29. Nb4 Rxd2 30. Rxd2 Be7 31. Na6 Rd8 32. Rxd8+ Bxd8 33. b4
axb3 34. axb3 Kf8 35. b4 Ke8 36. Nb8 a5 37. bxa5 Bxa5 38. Nxc6 Bc3 39. g4 Kd7
40. Na7 Bb4 41. c6+ Kc7 42. Ke2 Bc5 43. Nb5+ Kxc6 44. Nc3 h5 45. gxh5 gxh5 46.
Ne4 Be7 47. Ng3 h4 1/2-1/2

[Event "Rilton Cup"]
[Site "?"]
[Date "2002.01.04"]
[Round "8"]
[White "Hunt, Adam"]
[Black "Guseinov, Gadir"]
[Result "1/2-1/2"]
[WhiteElo "2356"]
[BlackElo "2489"]
[PlyCount "54"]

1. e4 c5 2. Nf3 Nc6 3. d4 cxd4 4. Nxd4 g6 5. c4 Bg7 6. Be3 Nf6 7. Nc3 O-O 8.
Be2 b6 9. O-O Bb7 10. f3 e6 11. Qd2 d5 12. Nxc6 Bxc6 13. e5 Ne8 14. cxd5 exd5
15. f4 f6 16. Bd4 fxe5 17. Bxe5 Bxe5 18. fxe5 Nc7 19. Bf3 Qe7 20. Rfe1 Rad8 21.
Rad1 Ba8 22. Qe3 Rfe8 23. a3 Qg7 24. Qf4 Qf8 25. Ne2 Re7 26. Qxf8+ Rxf8 27. Nd4
Rfe8 1/2-1/2

[Event "Rilton Cup"]
[Site "?"]
[Date "2002.01.04"]
[Round "8"]
[White "Stern, Rene"]
[Black "Evertsson, Lennart"]
[Result "1-0"]
[WhiteElo "2474"]
[BlackElo "2238"]
[PlyCount "70"]

1. Nf3 Nf6 2. c4 c5 3. g3 e6 4. Bg2 Nc6 5. O-O d5 6. d4 cxd4 7. cxd5 exd5 8.
Nxd4 Bc5 9. Nxc6 bxc6 10. Qc2 Qb6 11. Nc3 Bd4 12. Na4 Qb5 13. Bf4 O-O 14. Rfd1
Bb6 15. Rac1 Bg4 16. Nxb6 axb6 17. Qxc6 Qxe2 18. Re1 Qa6 19. a3 Bd7 20. Qc3 Qb5
21. Be5 Rfc8 22. Qd4 Rxc1 23. Rxc1 Ra4 24. b4 Rxa3 25. Bxf6 gxf6 26. Qxf6 Be6
27. h4 Qe2 28. Qg5+ Kf8 29. Bxd5 Bg4 30. Qh6+ Ke8 31. Qxb6 Qe5 32. Qc5 f6 33.
b5 Ra1 34. Rxa1 Qxa1+ 35. Kh2 Qf1 1-0

[Event "Rilton Cup"]
[Site "?"]
[Date "2002.01.04"]
[Round "8"]
[White "Karlsson, Tomas"]
[Black "Olsson, Anders"]
[Result "1-0"]
[WhiteElo "2242"]
[BlackElo "2340"]
[Annotator "Sandbom,J"]
[PlyCount "111"]

1. e4 e6 2. d4 d5 3. Nc3 Bb4 4. e5 c5 5. a3 Bxc3+ 6. bxc3 Qc7 7. Nf3 b6 8. Bb5+
Bd7 9. a4 Ne7 10. O-O Bxb5 11. axb5 O-O 12. Qd3 h6 13. Nh4 Rc8 14. dxc5 bxc5
15. f4 Nd7 16. c4 dxc4 17. Qxc4 Nd5 18. Ra3 g6 19. Qe4 Ne7 20. c4 Rd8 21. Bb2
Rab8 22. Rg3 22... Nf8 {#} 23. f5 exf5 24. Nxf5 Nxf5 25. Qxf5 Qd7 26. Qf4 Ne6
27. Qxh6 Qd2 28. Re3 Rd3 29. Bc1 Qc2 30. Re4 Rd4 31. Rh4 Rxh4 32. Qxh4 Rd8 33.
Qe7 Rd1 34. Qxf7+ Kh8 35. Bh6 Rxf1+ 36. Qxf1 Kh7 37. Bf8 Kg8 38. Be7 Qe4 39.
Bf6 Nf4 40. h3 Nd3 41. e6 Qe3+ 42. Kh2 Qxe6 43. Qxd3 Qxf6 44. Qd5+ Kh7 45. Qxc5
Qf4+ 46. Kg1 Kh6 47. Qd5 Qe3+ 48. Kf1 g5 49. Qc6+ Kg7 50. c5 Qd3+ 51. Kf2 Qd2+
52. Kf3 Qd3+ 53. Kg4 Qd4+ 54. Kxg5 Qe5+ 55. Kg4 Qd4+ 56. Kf5 1-0

[Event "Rilton Cup"]
[Site "?"]
[Date "2002.01.04"]
[Round "8"]
[White "Borbjerggaard, Lars"]
[Black "Hector, Jonny"]
[Result "0-1"]
[WhiteElo "2369"]
[BlackElo "2528"]
[Annotator "Sandbom,J"]
[PlyCount "188"]

1. d4 d5 2. Nf3 Nf6 3. Bf4 c5 4. c3 Nc6 5. e3 Qb6 6. Qc2 Bg4 7. Nbd2 e6 8. h3
Bf5 9. Qb3 h6 10. Ne5 c4 11. Qxb6 axb6 12. a3 Na5 13. f3 h5 14. Kf2 Ng8 15. g4
hxg4 16. fxg4 Bh7 17. Bg2 f6 18. Nef3 Kd7 19. Rae1 Ne7 20. e4 g5 21. Bg3 dxe4
22. Nxe4 Nd5 23. Nexg5 fxg5 24. Ne5+ Ke8 25. Bxd5 exd5 26. Ng6+ Kd7 27. Nxh8
Bg7 28. h4 Rxh8 29. hxg5 Rf8+ 30. Kg1 Bg6 31. Be5 Rf7 32. Rf1 Rxf1+ 33. Kxf1
Bxe5 34. dxe5 Nc6 35. Kf2 Nxe5 36. Ke3 Nxg4+ 37. Kd4 Ke6 38. Rf1 Bf5 39. Rf4
Ne5 40. Rf1 Nc6+ 41. Ke3 Ke5 42. Rh1 Ne7 43. Rh8 Bg6 44. Rf8 Nf5+ 45. Kd2 Nd6
46. Ke3 b5 47. Rg8 Bh7 48. Rd8 Bf5 49. Rg8 Be6 50. Rh8 Bf5 51. Rg8 Be4 52. g6
Nf5+ 53. Kd2 Kf6 54. Rb8 d4 55. cxd4 Kxg6 56. Kc3 Ne7 57. Rf8 Kg7 58. Rd8 Kf7
59. a4 Nd5+ 60. Kd2 Ke7 61. Rb8 Nc7 62. axb5 Nxb5 63. Rh8 Bd5 64. Ke3 Kd6 65.
Rh6+ Be6 66. Ke4 Nc7 67. Rf6 b5 68. Rh6 Nd5 69. Rh8 b4 70. Rb8 Bd7 71. Rh8 Nf6+
72. Ke3 Kd5 73. Rb8 b3 74. Rb6 Bc6 75. Ra6 Ng4+ 76. Kd2 Nf2 77. Rb6 Ne4+ 78.
Ke3 Nd6 79. Kd2 Nb5 80. Rb8 Kxd4 81. Rh8 Bd5 82. Rh4+ Be4 83. Rh8 Nc7 84. Rd8+
Bd5 85. Rh8 Ne6 86. Rc8 Nc5 87. Kc1 Be4 88. Rd8+ Ke3 89. Rc8 Nd3+ 90. Kb1 Nb4+
91. Ka1 Bd3 92. Rc7 Kd2 93. Rc8 Kc1 94. Rxc4+ 94... Nc2+ {#} 0-1

[Event "Rilton Cup"]
[Site "?"]
[Date "2002.01.05"]
[Round "8"]
[White "Agrest, Evgenij"]
[Black "Ulibin, Michail"]
[Result "1/2-1/2"]
[WhiteElo "2563"]
[BlackElo "2580"]
[PlyCount "169"]

1. Nf3 d5 2. d4 Nf6 3. c4 c6 4. Nc3 dxc4 5. a4 Bg4 6. Ne5 Bh5 7. f3 Nfd7 8.
Nxc4 Qc7 9. e4 f6 10. d5 Bf7 11. Be3 Na6 12. Rc1 e5 13. Be2 Rd8 14. O-O Bc5 15.
Kh1 O-O 16. Qe1 Nb6 17. a5 Nxc4 18. Bxc4 Qxa5 19. Ra1 Qc7 20. Bxa6 Bxe3 21.
Qxe3 bxa6 22. Qc5 Qb6 23. Qxb6 axb6 24. dxc6 Rd6 25. Rfd1 Rxc6 26. Rxa6 h5 27.
h4 Bc4 28. Ra7 Rf7 29. Ra8+ Kh7 30. Rdd8 Rfc7 31. Kh2 Kg6 32. Kg3 Rb7 33. Nd5
Bxd5 34. exd5 Rc2 35. d6 Rxb2 36. Rac8 Rd2 37. Rc6 b5 38. Rc7 Rxd6 39. Rxb7
Rxd8 40. Rxb5 Rd2 41. Rb7 Rc2 42. Ra7 Rc3 43. Re7 Ra3 44. Kh2 Ra2 45. Kg3 Rd2
46. Kh3 Rd5 47. Ra7 Rd8 48. Re7 Rf8 49. Kg3 Rf7 50. Re8 Kf5 51. Rh8 g6 52. Ra8
Rd7 53. Ra6 Rd3 54. Kh2 Rd4 55. Kg3 Rc4 56. Rb6 Ra4 57. Rc6 Rb4 58. Ra6 g5 59.
hxg5 Kxg5 60. Ra8 h4+ 61. Kh3 f5 62. Rg8+ Kf4 63. Rh8 e4 64. fxe4 fxe4 65. Kxh4
e3 66. Rf8+ Ke4 67. Kg4 Rb7 68. Re8+ Kd3 69. Kf5 Rf7+ 70. Kg5 e2 71. g4 Rf3 72.
Rd8+ Ke3 73. Ra8 Kf2 74. Ra2 Kf1 75. Ra1+ e1=Q 76. Rxe1+ Kxe1 77. Kh6 Kf2 78.
g5 Rh3+ 79. Kg7 Ke3 80. g6 Ke4 81. Kf6 Rf3+ 82. Ke6 Rg3 83. Kf6 Kd5 84. g7 Rxg7
85. Kxg7 1/2-1/2

[Event "?"]
[Site "?"]
[Date "2002.01.05"]
[Round "8"]
[White "McShane, Luke"]
[Black "Lalic, Bogdan"]
[Result "1/2-1/2"]
[WhiteElo "2525"]
[BlackElo "2522"]
[Annotator "Sandbom,J"]
[PlyCount "143"]

1. b4 Nf6 2. Bb2 e6 3. a3 d5 4. e3 a6 5. c4 dxc4 6. Bxc4 c5 7. bxc5 Bxc5 8. Nf3
Nc6 9. d4 Be7 10. Nbd2 b5 11. Bd3 Bb7 12. O-O O-O 13. Qe2 b4 14. Rfc1 bxa3 15.
Bxa3 Nb4 16. Bxb4 Bxb4 17. Bxa6 Bxa6 18. Rxa6 Rxa6 19. Qxa6 Bxd2 20. Nxd2 e5
21. Nf3 exd4 22. Nxd4 Qa8 23. Qc4 Qd5 24. Qc7 h6 25. h3 Ra8 26. Rb1 Ne4 27. Qf4
Ng5 28. Qg4 Qe4 29. Qxe4 Nxe4 30. f3 Nc3 31. Rb3 Nd5 32. Kf2 g6 33. g4 Ra2+ 34.
Ne2 f5 35. Rd3 Nb4 36. Rb3 Nd5 37. Rd3 Nb4 38. Rd4 Rb2 39. Rd6 Kf7 40. f4 Ke7
41. Rd1 Ke6 42. Ra1 Nc2 43. Ra5 Kf6 44. Rc5 Nb4 45. Kf3 Nc2 46. Rc3 Ne1+ 47.
Kf2 Ng2 48. Rc7 g5 49. Rc6+ Kf7 50. Kxg2 Rxe2+ 51. Kf3 Rh2 52. Rxh6 fxg4+ 53.
Kxg4 gxf4 54. Kxf4 Rf2+ 55. Kg3 Rf1 56. Kg2 Rf5 57. Rh4 Ra5 58. Rf4+ Ke6 59.
Kf3 Ra1 60. Rb4 Rf1+ 61. Ke2 Rh1 62. h4 Ke5 63. Kf3 Rh3+ 64. Kf2 Kf5 65. Ra4
Ke5 66. Rf4 Kd5 67. e4+ Ke5 68. Rg4 Ra3 69. Rg3 Ra1 70. Kf3 Rf1+ 71. Kg4 Kxe4
72. Kg5 {Drawn after a number of moves in serious time trouble} 1/2-1/2

[Event "Rilton Cup"]
[Site "?"]
[Date "2002.01.05"]
[Round "9"]
[White "Khenkin, Igor"]
[Black "Agrest, Evgenij"]
[Result "1/2-1/2"]
[WhiteElo "2572"]
[BlackElo "2563"]
[PlyCount "32"]

1. d4 Nf6 2. c4 e6 3. Nf3 d5 4. Nc3 dxc4 5. e3 a6 6. a4 c5 7. Bxc4 Nc6 8. O-O
Be7 9. Qe2 cxd4 10. Rd1 e5 11. exd4 exd4 12. Nxd4 Nxd4 13. Qe5 Qd6 14. Qxd4
Qxd4 15. Rxd4 Bc5 16. Rd1 O-O 1/2-1/2

[Event "Rilton Cup"]
[Site "?"]
[Date "2002.01.05"]
[Round "9"]
[White "Eriksson, Johan"]
[Black "Rustemov, Alexander"]
[Result "1/2-1/2"]
[WhiteElo "2415"]
[BlackElo "2611"]
[PlyCount "37"]

1. d4 d5 2. c4 dxc4 3. Nf3 e6 4. e3 a6 5. Bxc4 c5 6. O-O Nf6 7. dxc5 Bxc5 8.
Qxd8+ Kxd8 9. b3 Ke7 10. Bb2 b6 11. Nbd2 Bb7 12. Rac1 Nbd7 13. Be2 Rhc8 14.
Rfd1 b5 15. a4 bxa4 16. bxa4 Rab8 17. Rb1 a5 18. Bc3 Bc6 19. Rxb8 1/2-1/2

[Event "Rilton Cup"]
[Site "?"]
[Date "2002.01.05"]
[Round "9"]
[White "Nataf, Igor"]
[Black "Volzhin, Alexander"]
[Result "1/2-1/2"]
[WhiteElo "2535"]
[BlackElo "2521"]
[PlyCount "59"]

1. e4 e5 2. Nf3 Nf6 3. Nxe5 d6 4. Nf3 Nxe4 5. d4 d5 6. Bd3 Bd6 7. O-O O-O 8. c4
c6 9. Qc2 Na6 10. a3 Re8 11. Nc3 Bg4 12. Nxe4 dxe4 13. Bxe4 Bxf3 14. Bxf3 Qh4
15. g3 Qxd4 16. Bg5 Qe5 17. Qd2 Qf5 18. Bg2 Nc5 19. Rad1 Ne6 20. Be3 Rad8 21.
Qc3 Bc5 22. b4 Rxd1 23. Rxd1 Bxe3 24. Qxe3 a5 25. h4 axb4 26. axb4 Qc2 27. Qd3
Qxd3 28. Rxd3 Kf8 29. Bh3 Ke7 30. Bxe6 1/2-1/2

[Event "Rilton Cup"]
[Site "?"]
[Date "2002.01.05"]
[Round "9"]
[White "Ulibin, Michil"]
[Black "Rowson, Jonathan"]
[Result "1/2-1/2"]
[WhiteElo "2580"]
[BlackElo "2512"]
[PlyCount "26"]

1. e4 c5 2. Nf3 Nc6 3. Bb5 e6 4. O-O Nge7 5. Re1 Nd4 6. Nxd4 cxd4 7. d3 a6 8.
Ba4 b5 9. Bb3 Nc6 10. Nd2 g6 11. a4 Bb7 12. e5 Qc7 13. f4 Na5 1/2-1/2

[Event "Rilton Cup"]
[Site "?"]
[Date "2002.01.05"]
[Round "9"]
[White "Lalic, Bogdan"]
[Black "Marin, Michail"]
[Result "1-0"]
[WhiteElo "2522"]
[BlackElo "2561"]
[Annotator "Sandbom,J"]
[PlyCount "63"]

1. d4 Nf6 2. c4 e6 3. Nf3 c5 4. d5 d6 5. Nc3 exd5 6. cxd5 a6 7. a4 g6 8. Nd2
Nbd7 9. e4 Bg7 10. Nc4 Nb6 11. Ne3 Qe7 12. Bd3 O-O 13. O-O Rb8 14. f4 Bd7 15.
Rb1 Rfc8 16. Kh1 Na8 17. a5 Nc7 18. e5 18... Nfe8 {#} 19. e6 fxe6 20. dxe6 Bxe6
21. f5 Bf7 22. Ng4 gxf5 23. Bxf5 Bg6 24. Nd5 Nxd5 25. Qxd5+ Kh8 26. Bxg6 Qe2
27. Bd2 Qxg4 28. Bf5 Qh5 29. g4 Nf6 30. Qf3 Qh4 31. g5 Nh5 32. Qg4 1-0

[Event "Rilton Cup"]
[Site "?"]
[Date "2002.01.05"]
[Round "9"]
[White "Hector, Jonny"]
[Black "Bromann, Thorbjorn"]
[Result "1-0"]
[WhiteElo "2528"]
[BlackElo "2344"]
[Annotator "Sandbom,J"]
[PlyCount "55"]

1. e4 e6 2. d4 d5 3. Nc3 Nf6 4. Bg5 Bb4 5. exd5 Qxd5 6. Bxf6 Bxc3+ 7. bxc3 gxf6
8. Qd2 Qa5 9. Ne2 b6 10. Nc1 Ba6 11. Nb3 Qa4 12. Qf4 Qc6 13. O-O-O Bxf1 14.
Rhxf1 Nd7 15. d5 Qxc3 16. Rfe1 e5 17. Re3 17... c5 {#} 18. a3 c4 19. Qh6 Qxe3+
20. fxe3 cxb3 21. cxb3 O-O-O 22. Rd2 Kb8 23. b4 b5 24. e4 Rdg8 25. Qh5 Rg6 26.
Qe2 a6 27. a4 Rc8+ 28. Rc2 1-0

[Event "Rilton Cup"]
[Site "?"]
[Date "2002.01.05"]
[Round "9"]
[White "Nyback, Tomi"]
[Black "Couso, Luis"]
[Result "1-0"]
[WhiteElo "2430"]
[BlackElo "2347"]
[PlyCount "53"]

1. Nf3 Nf6 2. c4 e6 3. g3 b6 4. Bg2 Bb7 5. O-O Be7 6. d4 O-O 7. d5 exd5 8. Nh4
c6 9. cxd5 Nxd5 10. Nf5 Nc7 11. Nc3 d5 12. e4 Bf6 13. Bf4 Bc8 14. g4 Nba6 15.
exd5 Bxf5 16. gxf5 cxd5 17. Nxd5 Nxd5 18. Bxd5 Rc8 19. Qf3 Bxb2 20. Rab1 Bf6
21. Rfd1 Qe8 22. Bd6 Rc3 23. Qh5 Nc7 24. Bb3 h6 25. Bxf8 Kxf8 26. Re1 Qd7 27.
Rbd1 1-0

[Event "Rilton Cup"]
[Site "?"]
[Date "2002.01.05"]
[Round "9"]
[White "Olsson, Anders"]
[Black "Wikstrom, Joel"]
[Result "1-0"]
[WhiteElo "2340"]
[BlackElo "2142"]
[PlyCount "65"]

1. e4 c5 2. Nf3 d6 3. d4 cxd4 4. Nxd4 Nf6 5. Nc3 a6 6. g3 e5 7. Nde2 Nbd7 8. a4
b6 9. Bg2 Bb7 10. h3 Be7 11. g4 Nc5 12. Ng3 O-O 13. O-O Rc8 14. Be3 g6 15. Qd2
Ne6 16. Bh6 Re8 17. Rad1 Rc4 18. Nf5 gxf5 19. exf5 Rd4 20. Qc1 Nxg4 21. fxe6
Bxg2 22. Kxg2 Nxh6 23. Qxh6 Rh4 24. exf7+ Kxf7 25. Qe3 Rg8+ 26. Kh1 Qd7 27. Rd3
Rg6 28. Rg1 Rxg1+ 29. Kxg1 Qf5 30. Kg2 Rf4 31. Nd5 Rc4 32. Qxb6 Rxc2 33. Rf3
1-0

[Event "Rilton Cup"]
[Site "?"]
[Date "2002.01.05"]
[Round "9"]
[White "Johansson, Gunnar"]
[Black "Engqvist, Thomas"]
[Result "0-1"]
[WhiteElo "2199"]
[BlackElo "2354"]
[Annotator "Sandbom,J"]
[PlyCount "56"]

1. e4 c6 2. d4 d5 3. Nd2 dxe4 4. Nxe4 Bf5 5. Ng3 Bg6 6. Nf3 Nf6 7. h4 h6 8. h5
Bh7 9. Bd3 Bxd3 10. Qxd3 e6 11. Bd2 c5 12. O-O-O Nc6 13. Be3 Qb6 14. Ne4 Nb4
15. Nxf6+ gxf6 16. Qd2 c4 17. c3 Nd5 18. g3 Qc6 19. Nh4 b5 20. Ng2 b4 21. Qc2
Rb8 22. Nf4 {#} 22... bxc3 23. Nxd5 cxb2+ 24. Kb1 Qxd5 25. Bf4 Rb5 26. Rhe1 Bb4
27. Re2 c3 28. a3 Ra5 0-1

[Event "Rilton Cup"]
[Site "?"]
[Date "2002.01.05"]
[Round "9"]
[White "Hillarp-Persson, Tiger"]
[Black "Aberg, Anton"]
[Result "0-1"]
[WhiteElo "2450"]
[BlackElo "2388"]
[PlyCount "76"]

1. d4 Nf6 2. c4 g6 3. f3 d5 4. cxd5 Nxd5 5. e4 Nb6 6. Nc3 Bg7 7. Be3 O-O 8. Qd2
e5 9. d5 c6 10. h4 cxd5 11. exd5 N8d7 12. h5 Nf6 13. hxg6 fxg6 14. O-O-O Bd7
15. Kb1 Rc8 16. Ka1 Na4 17. Nge2 e4 18. d6 Re8 19. Rc1 Qa5 20. Nxa4 Rxc1+ 21.
Qxc1 Qxa4 22. Nc3 Qb4 23. Nxe4 Rc8 24. Bc5 Be6 25. Bd3 Qa4 26. Nc3 Qa5 27. Re1
Bf7 28. Ba3 Nd7 29. Re7 Ne5 30. Rxf7 Nxf7 31. d7 Rd8 32. Bc4 Rxd7 33. Qe1 Qd8
34. Nd5 Kh8 35. Be7 Qe8 36. Bb5 Rxe7 37. Qxe7 Qxe7 38. Nxe7 38... Bd4 {Time}
0-1

[Event "Rilton Cup"]
[Site "?"]
[Date "2002.01.05"]
[Round "9"]
[White "Hitzgerova, Gabriela"]
[Black "Bellon, Juan"]
[Result "0-1"]
[WhiteElo "2160"]
[BlackElo "2442"]
[PlyCount "104"]

1. e4 c5 2. Nf3 e6 3. d4 cxd4 4. Nxd4 Nf6 5. Bd3 Nc6 6. Nxc6 bxc6 7. O-O e5 8.
f4 d6 9. Kh1 Be7 10. Nc3 O-O 11. f5 d5 12. Qf3 Kh8 13. Bg5 Bb7 14. Bxf6 Bxf6
15. Rae1 Qa5 16. a3 Rad8 17. Qh5 Ba6 18. Bxa6 Qxa6 19. Rf3 d4 20. Rh3 h6 21.
Nd1 Qc4 22. Qe2 Qxe2 23. Rxe2 Be7 24. Rb3 Rb8 25. Rxb8 Rxb8 26. Rd2 c5 27. c4
Rb3 28. Kg1 Bg5 29. Re2 Rd3 30. Nf2 Be3 31. Kf1 Bxf2 32. Kxf2 a5 33. b4 axb4
34. axb4 cxb4 35. Rb2 b3 36. Ke2 Rc3 37. c5 h5 38. c6 Kh7 39. c7 Rxc7 40. Rxb3
Rc2+ 41. Kf1 f6 42. h4 Rc1+ 43. Kf2 Rh1 44. g3 Rh2+ 45. Kf3 Ra2 46. Rd3 g5 47.
fxg6+ Kxg6 48. Rb3 Rc2 49. Rb8 Rc3+ 50. Kf2 Re3 51. Rg8+ Kh7 52. Rf8 Kg7 0-1

[Event "Rilton Cup"]
[Site "?"]
[Date "2002.01.05"]
[Round "9"]
[White "Guseinov, Gadir"]
[Black "Hunt, Harriet"]
[Result "1-0"]
[WhiteElo "2489"]
[BlackElo "2406"]
[Annotator "Sandbom,J"]
[PlyCount "95"]

1. e4 c6 2. d4 d5 3. Nd2 dxe4 4. Nxe4 Bf5 5. Ng3 Bg6 6. h4 h6 7. Nf3 Nd7 8. h5
Bh7 9. Bd3 Bxd3 10. Qxd3 e6 11. Bd2 Ngf6 12. O-O-O Be7 13. Qe2 c5 14. Rhe1 O-O
15. Nf5 exf5 16. Qxe7 Ne4 17. Qxd8 Rfxd8 18. Be3 c4 19. Nh4 f4 20. Bxf4 Nxf2
21. Rd2 Ng4 22. Nf5 Nb6 23. Bc7 Rd7 24. Re7 Rd5 25. Be5 Nd7 26. Nd6 Ndxe5 27.
dxe5 Rxe5 28. Rxe5 Nxe5 29. Nxb7 Kf8 30. Rd5 f6 31. Rc5 g6 32. hxg6 Kg7 33. Nd6
Kxg6 34. Nxc4 Kf5 35. b4 Rg8 36. Ne3+ Ke4 37. Nd5 Rg6 38. a4 f5 39. Nc3+ 39...
Kf4 {#} 40. g3+ Kxg3 41. Rxe5 f4 42. Ne2+ Kf3 43. Kd2 Rg2 44. Kd3 Kg4 45. Re4
Rf2 46. Rxf4+ Rxf4 47. Nxf4 Kxf4 48. b5 1-0

[Event "Rilton Cup"]
[Site "?"]
[Date "2002.01.05"]
[Round "9"]
[White "Lundvik, Jonas"]
[Black "Lezcano, Pedro"]
[Result "0-1"]
[WhiteElo "2247"]
[BlackElo "2407"]
[PlyCount "116"]

1. d4 Nf6 2. Nf3 e6 3. g3 c5 4. Bg2 Nc6 5. O-O a6 6. c4 cxd4 7. Nxd4 Qc7 8. b3
Be7 9. Bb2 O-O 10. Nc3 d6 11. Rc1 Nxd4 12. Qxd4 Bd7 13. Rfd1 Rfd8 14. Rc2 Rac8
15. a4 Bc6 16. e4 Qa5 17. Qd2 Qb6 18. b4 Qxb4 19. a5 Qxa5 20. Nd5 Qxd2 21.
Nxe7+ Kf8 22. Rcxd2 Kxe7 23. Ba3 Bxe4 24. Bxd6+ Rxd6 25. Rxd6 Bxg2 26. Kxg2 Nd5
27. Rxa6 Nf4+ 28. gxf4 bxa6 29. Rc1 a5 30. Kf3 a4 31. Ke4 a3 32. Rc2 Ra8 33.
Ra2 Kd6 34. Kd4 Ra4 35. Kc3 Kc5 36. Kb3 Rxc4 37. f5 exf5 38. Rxa3 Rf4 39. Ra7
Rf3+ 40. Ka4 g5 41. Rxf7 h5 42. Rh7 Kc4 43. Rxh5 g4 44. Ka5 Rxf2 45. Kb6 Kd5
46. Kc7 Ke5 47. Kd7 Rf3 48. h4 gxh3 49. Ke7 Ra3 50. Kf7 Kf4 51. Ke6 Ra6+ 52.
Kd5 Kg4 53. Rh8 Ra1 54. Rg8+ Kf4 55. Rh8 Kg3 56. Rg8+ Kf2 57. Rh8 Ra3 58. Ke5
Kg2 0-1

[Event "Rilton Cup"]
[Site "?"]
[Date "2002.01.05"]
[Round "9"]
[White "Wedberg, Tom"]
[Black "Gleizerov, Evgenij"]
[Result "1-0"]
[WhiteElo "2529"]
[BlackElo "2575"]
[Annotator "Sandbom,J"]
[PlyCount "91"]

1. e4 e6 2. d4 d5 3. Nc3 Nf6 4. Bg5 Be7 5. e5 Nfd7 6. Bxe7 Qxe7 7. f4 O-O 8.
Nf3 c5 9. Qd2 Nc6 10. dxc5 f6 11. exf6 Qxf6 12. g3 Nxc5 13. O-O-O Rd8 14. Qe1
Bd7 15. Qe3 b6 16. Bb5 Rac8 17. Rhe1 Be8 18. Bxc6 Rxc6 19. Nd4 Rcd6 20. g4 a6
21. Qe5 Bf7 22. f5 exf5 23. Nxf5 Qg5+ 24. Kb1 Re6 25. Qd4 Rxe1 26. Rxe1 Be6 27.
b4 Ne4 28. Nxe4 dxe4 29. Qxe4 29... Re8 {#} 30. Kb2 Qf6+ 31. Qd4 Qxd4+ 32. Nxd4
Bd7 33. Rxe8+ Bxe8 34. Kc3 Bd7 35. g5 Kf7 36. Nf3 Bf5 37. Ne5+ Ke6 38. Nc4 Bh3
39. Nxb6 Kf5 40. Kd4 Kxg5 41. a4 Kf5 42. Nd5 g5 43. c4 h5 44. a5 Ke6 45. b5 Kd7
46. Nf6+ 1-0

[Event "Rilton Cup"]
[Site "?"]
[Date "2002.01.05"]
[Round "9"]
[White "Lindberg, Bengt"]
[Black "Brynell, Stellan"]
[Result "1-0"]
[WhiteElo "2341"]
[BlackElo "2506"]
[PlyCount "91"]

1. e4 c5 2. Nf3 Nc6 3. d4 cxd4 4. Nxd4 Nf6 5. Nc3 d6 6. Bg5 e6 7. Qd2 a6 8.
O-O-O Bd7 9. f4 b5 10. Bxf6 gxf6 11. Nxc6 Bxc6 12. Qe1 b4 13. Nd5 a5 14. f5
Bxd5 15. exd5 e5 16. Bb5+ Ke7 17. Kb1 Qb6 18. Bc6 Rb8 19. Qe4 h5 20. Rhe1 Bh6
21. Qf3 Rbg8 22. Re4 Bg5 23. a4 h4 24. Ka2 Rb8 25. Rde1 Rhc8 26. Rc4 Qa7 27.
Ree4 Qg1 28. h3 Rc7 29. Qe2 Rbc8 30. c3 bxc3 31. Rxc3 Rb8 32. Rec4 Qb6 33. Qc2
Kf8 34. g3 hxg3 35. Rxg3 Be3 36. Rc3 Bd4 37. Rb3 Qa7 38. Qg2 Ke7 39. Rg8 Bb6
40. h4 Rcc8 41. Rxc8 Rxc8 42. h5 Qa6 43. h6 Qc4 44. h7 Bc5 45. Bb5 Qh4 46. Rh3
1-0

[Event "Rilton Cup"]
[Site "?"]
[Date "2002.01.05"]
[Round "9"]
[White "Popov, Valerij"]
[Black "Akesson, Ralf"]
[Result "1-0"]
[WhiteElo "2578"]
[BlackElo "2437"]
[Annotator "Sandbom,J"]
[PlyCount "97"]

1. Nf3 Nf6 2. c4 e6 3. Nc3 d5 4. d4 Be7 5. Bg5 O-O 6. e3 h6 7. Bh4 b6 8. cxd5
Nxd5 9. Bxe7 Qxe7 10. Rc1 Bb7 11. Nxd5 Bxd5 12. Be2 c5 13. dxc5 bxc5 14. Qa4
Qb7 15. b3 Nd7 16. Ba6 Qb6 17. O-O Rfd8 18. Rfd1 Bc6 19. Qa3 Bxf3 20. gxf3 Ne5
21. Be2 Rxd1+ 22. Rxd1 Qc6 23. Kg2 a5 24. Rc1 Nd7 25. Qb2 Rb8 26. Qd2 Rb4 27.
Rd1 Ne5 28. Qd8+ Kh7 29. Qd6 Qxd6 30. Rxd6 a4 31. f4 Ng6 32. Bc4 axb3 33. axb3
Nh4+ 34. Kh3 g5 35. Rc6 Nf3 36. Rxc5 gxf4 37. Rb5 Rxb5 38. Bxb5 fxe3 39. fxe3
Kg6 40. b4 Kf5 41. Bd3+ Ke5 42. Kg4 Ng5 43. h4 f5+ 44. Kh5 Nf3 45. Be2 Nh2 46.
b5 Kd5 47. Kxh6 Ng4+ 48. Kg5 Nxe3 49. h5 {#} 1-0

[Event "Rilton Cup"]
[Site "?"]
[Date "2002.01.05"]
[Round "9"]
[White "Vernersson, Per"]
[Black "Ivanov, Sergey"]
[Result "0-1"]
[WhiteElo "2395"]
[BlackElo "2556"]
[Annotator "Sandbom,J"]
[PlyCount "114"]

1. c4 Nf6 2. Nc3 e5 3. Nf3 Nc6 4. d3 Bb4 5. Bd2 O-O 6. a3 Bxc3 7. Bxc3 e4 8.
dxe4 Nxe4 9. Rc1 d6 10. e3 Nxc3 11. Rxc3 Qf6 12. Be2 Bg4 13. O-O Rfe8 14. h3
Bxf3 15. Bxf3 Ne5 16. Bxb7 Rab8 17. Qd5 Re7 18. c5 dxc5 19. Rxc5 Qb6 20. Rb5
Qe6 21. Qxe6 Rxe6 22. Rc1 c6 23. Bxc6 Rc8 24. Rxe5 Rxe5 25. b4 g6 26. Rc4 Rd8
27. e4 Rd2 28. Bd5 Re7 29. a4 Kg7 30. b5 Rb2 31. Rc6 Rd7 32. Ra6 f5 33. f4 Rb4
34. Bc6 Rd1+ 35. Kf2 fxe4 36. Rxa7+ Kf6 37. Rd7 Rb2+ 38. Ke3 Re1+ 39. Kd4 Rd2+
40. Kc3 Rxd7 41. Bxd7 Rc1+ 42. Kd2 42... Rc4 {#} 43. a5 Rd4+ 44. Ke3 Rxd7 45.
a6 Ra7 46. Kxe4 Ke6 47. g4 Kd6 48. f5 gxf5+ 49. Kxf5 Kc5 50. g5 Kxb5 51. h4
Rxa6 52. h5 Kc6 53. Ke6 Ra5 54. Kf6 Kd7 55. h6 Ke8 56. g6 Ra6+ 57. Kg7 Rxg6+
0-1

[Event "Rilton Cup"]
[Site "?"]
[Date "2002.01.05"]
[Round "9"]
[White "Ahlander, Bjorn"]
[Black "Rudolf, Henrik"]
[Result "1-0"]
[WhiteElo "2426"]
[BlackElo "2328"]
[PlyCount "117"]

1. d4 g6 2. c4 Bg7 3. Nc3 d6 4. Nf3 Nf6 5. e4 O-O 6. Be2 e5 7. O-O Nc6 8. Be3
Re8 9. dxe5 dxe5 10. Qxd8 Nxd8 11. h3 b6 12. Nd5 Ne6 13. Ng5 Nxd5 14. cxd5 Nd4
15. Bd3 h6 16. Nf3 Bb7 17. Rac1 Rac8 18. Nxd4 exd4 19. Bf4 c6 20. dxc6 Rxc6 21.
Rxc6 Bxc6 22. f3 g5 23. Bg3 Be5 24. Bxe5 Rxe5 25. b4 a5 26. a3 axb4 27. axb4
Bb5 28. Rd1 Ba4 29. Rd2 Re7 30. Bc4 Rd7 31. Bd5 Bb5 32. Rxd4 Rc7 33. e5 Rc1+
34. Kh2 Rb1 35. Kg3 Rb2 36. Bc4 Bxc4 37. Rxc4 h5 38. h4 gxh4+ 39. Rxh4 Kg7 40.
Rxh5 Rxb4 41. Rf5 Rb2 42. Rf6 b5 43. Rb6 b4 44. f4 b3 45. Kf3 Rb1 46. Kg4 Rg1
47. g3 Rb1 48. Kf5 b2 49. g4 Kg8 50. Rb7 Kg7 51. Kg5 Kg8 52. Kf5 Kg7 53. g5 Kf8
54. Kf6 Ke8 55. g6 fxg6 56. e6 Kd8 57. e7+ Kc8 58. e8=Q+ Kxb7 59. Qe4+ 1-0